[Event "2801"]
[Site "www.echecsemail.com"]
[Date "2026.02.05"]
[Round "1"]
[White "Titit1"]
[Black "Turbo"]
[WhiteElo "1440"]
[BlackElo "1360"]
[Result "1-0"]
1.d4 d5
2.Ng1f3 h6
3.Bc1f4 a5
4.c4 dxc4
5.e4 Ng8f6
6.Bf1xc4 c6
7.O-O b5
8.Bc4e2 Nb8d7
9.Be2d3 Nf6h5
10.Bf4e3 e6
11.Nb1c3 Bf8d6
12.e5 Bd6c7
13.Nf3d2 O-O
14.Qd1xh5 f5
15.exf6 Nd7xf6
16.Qh5e2 Qd8d6
17.g3 h5
18.Nd2f3 h4
19.Nf3xh4 e5
20.Nh4f5 Bc8xf5
21.Bd3xf5 exd4
22.Be3f4 Qd6d8
23.Bf4g5 dxc3
24.bxc3 Qd8b8
25.Bg5xf6 Rf8xf6
26.Qe2h5 Rf6h6
27.Qh5g4 Qb8e8
28.Rf1e1 Qe8f8
29.Re1e2 a4
30.Ra1e1 Bc7d6
31.Re2e6 Rh6xe6
32.Re1xe6 Ra8a7
33.Qg4g6 Ra7a8
34.Qg6h7 Kf7
35.Re6h6 Ra8b8
36.Qh7g6 Ke7
37.Qg6xd6 Kf7
38.Qd6e6 1-0

[Event "Tournoi n27423"]
[Site "www.echecsemail.com"]
[Date "2026.02.05"]
[Round "1"]
[White "Verson"]
[Black "Blackrider"]
[WhiteElo "1810"]
[BlackElo "1730"]
[Result "1-0"]
1.d4 d5
2.Ng1f3 h6
3.e3 g6
4.Bf1d3 Bf8g7
5.O-O e6
6.c4 Ng8e7
7.Nb1c3 c6
8.b3 Nb8d7
9.Bc1b2 a6
10.e4 b5
11.cxd5 exd5
12.Rf1e1 Bc8b7
13.e5 Nd7b6
14.e6 O-O
15.exf7 Rf8xf7
16.Qd1d2 Ne7f5
17.Re1e6 Kh7
18.Nf3e5 Bg7xe5
19.Re6xe5 Qd8d7
20.Ra1e1 Ra8f8
21.Nc3e2 Nb6c8
22.Ne2g3 Nc8e7
23.Ng3xf5 Ne7xf5
24.Qd2e2 Kg7
25.Bd3xf5 gxf5
26.Re5e7 Qd7c8
27.Qe2e5 Kg8
28.Qe5g3 Kh7
29.Qg3e5 Kg8
30.Re1e3 Rf7xe7
31.Qe5xe7 Rf8f7
32.Re3g3 { abandon }1-0

[Event "Tournoi n27445"]
[Site "www.echecsemail.com"]
[Date "2026.02.05"]
[Round "1"]
[White "Tiounet"]
[Black "Gognol"]
[WhiteElo "1630"]
[BlackElo "1880"]
[Result "1-0"]
1.a3 e5
2.b4 b5
3.Bc1b2 d6
4.e3 a6
5.Ng1f3 Bc8b7
6.g3 g5
7.Bf1g2 Qd8f6
8.O-O h5
9.d3 h4
10.Nb1d2 Nb8d7
11.Nd2e4 Qf6h6
12.Ne4xg5 hxg3
13.fxg3 Ng8f6
14.Ra1c1 Ra8b8
15.h4 Nf6h5
16.Qd1e2 Nh5xg3
17.Qe2f2 Ng3xf1
18.Rc1xf1 Bf8e7
19.Ng5xf7 Kxf7
20.Nf3g5 Ke8
21.Qf2f7 Kd8
22.Ng5e6 Kc8
23.Bg2xb7 Kxb7
24.Qf7xe7 Qh6xe3
25.Rf1f2 Qe3e1
26.Kg2 Rh8g8
27.Kf3 e4
28.dxe4 Qe1h1
29.Ke3 Rg8g3
30.Kd2 Qh1xe4
31.Ne6d8 Rb8xd8
32.Qe7xe4 Kb8
33.Qe4e7 Kc8
34.h5 { abandon }1-0

[Event "Tournoi n27360"]
[Site "www.echecsemail.com"]
[Date "2026.02.05"]
[Round "1"]
[White "Gimick"]
[Black "Louis67"]
[WhiteElo "1540"]
[BlackElo "1420"]
[Result "1-0"]
1.e4 e5
2.Bf1c4 Ng8f6
3.d3 d5
4.exd5 c6
5.dxc6 Nb8xc6
6.Ng1f3 Bf8d6
7.Bc1g5 O-O
8.Nb1d2 Bd6e7
9.Bc4b5 Bc8d7
10.O-O a6
11.Bb5c4 b5
12.Bc4b3 Nc6d4
13.Nf3xe5 Bd7f5
14.c3 Bf5xd3
15.Ne5xd3 Qd8c7
16.cxd4 a5
17.Ra1c1 Qc7b8
18.Nd3e5 h6
19.Bg5h4 Be7d6
20.Nd2f3 Nf6e4
21.Bb3c2 Rf8d8
22.Bh4xd8 Qb8xd8
23.Bc2xe4 Ra8b8
24.Ne5c6 Qd8e8
25.Nc6xb8 Qe8xb8
26.Nf3e5 { abandon }1-0

[Event "Tournoi n27409"]
[Site "www.echecsemail.com"]
[Date "2026.02.05"]
[Round "1"]
[White "Crocro34"]
[Black "Jlr"]
[WhiteElo "1460"]
[BlackElo "1410"]
[Result "1-0"]
1.e4 e5
2.Ng1f3 d6
3.Bf1c4 Bc8g4
4.h3 Bg4xf3
5.Qd1xf3 f6
6.O-O Ng8e7
7.Bc4e6 Ne7g6
8.Nb1c3 Ng6h4
9.Qf3h5 g6
10.Qh5xh4 g5
11.Qh4h5 Ke7
12.Qh5f7 1-0

[Event "Eq:Avalon-LES CHATTERBOX :"]
[Site "www.echecsemail.com"]
[Date "2026.02.05"]
[Round "1"]
[White "Mindthegap"]
[Black "Patau"]
[WhiteElo "1460"]
[BlackElo "1690"]
[Result "0-1"]
1.Ng1f3 Ng8f6
2.d4 d5
3.c4 c6
4.Nb1c3 Bc8f5
5.cxd5 Nf6xd5
6.e4 Nd5xc3
7.bxc3 Bf5xe4
8.Nf3g5 Be4g6
9.Bf1c4 e6
10.Qd1f3 Qd8f6
11.Qf3g3 Bf8e7
12.Qg3c7 O-O
13.Qc7xb7 Nb8d7
14.Qb7xd7 h6
15.Ng5f3 c5
16.O-O cxd4
17.cxd4 Rf8d8
18.Qd7a4 Bg6e4
19.Bc4e2 Be4d5
20.Bc1a3 Be7xa3
21.Qa4xa3 Rd8c8
22.Rf1e1 Rc8c2
23.Nf3e5 Qf6g5
24.Be2g4 h5
25.Ne5xf7 Kxf7
26.Bg4xe6 Bd5xe6
27.Qa3f3 Kg8
28.Qf3xa8 Rc2c8
29.Qa8e4 Be6h3
30.Ra1c1 Rc8xc1
31.Qe4e8 Kh7
32.Qe8e4 Bh3f5
33.Qe4e2 Rc1xe1
34.Qe2xe1 Bf5h3
35.g3 Qg5d5
36.Qe1e4 Qd5xe4
{ abandon }0-1

[Event "BERNARD MAS"]
[Site "www.echecsemail.com"]
[Date "2026.02.05"]
[Round "1"]
[White "Pgo"]
[Black "4x4"]
[WhiteElo "1750"]
[BlackElo "1490"]
[Result "1-0"]
1.e4 e5
2.Ng1f3 d6
3.Bf1c4 Bc8e6
4.Bc4xe6 fxe6
5.d3 Nb8d7
6.O-O Qd8e7
7.Bc1g5 Ng8f6
8.Nb1c3 O-O-O
9.h3 h6
10.Bg5xf6 gxf6
11.Rf1e1 Bf8g7
12.a3 Nd7f8
13.b4 Nf8g6
14.d4 Rd8g8
15.d5 exd5
16.Nc3xd5 Qe7d7
17.c4 c6
18.Nd5c3 Ng6f4
19.c5 Nf4xh3
20.gxh3 d5
21.exd5 cxd5
22.Nc3xd5 Bg7f8
23.Kh2 Bf8e7
24.Nd5xe7 Qd7xe7
25.Qd1d6 Qe7xd6
26.cxd6 Kd7
27.Ra1d1 Rg8d8
28.Nf3h4 Ke6
29.f4 Rd8xd6
30.f5 Kd7
31.Nh4g6 Rh8g8
32.Rd1xd6 Kxd6
33.Re1d1 Kc6
34.Ng6e7 Kb5
35.Ne7xg8 Ka4
36.Ng8xf6 Kxa3
37.Nf6d5 b5
38.f6 Kb2
39.f7 a5
40.bxa5 b4
41.f8Q b3
42.Qf8f2 Ka3
43.Rd1a1 1-0

[Event "Coupe Niveau 3"]
[Site "www.echecsemail.com"]
[Date "2026.02.05"]
[Round "1"]
[White "Patau"]
[Black "Domenico"]
[WhiteElo "1700"]
[BlackElo "1830"]
[Result "1-0"]
1.e4 e5
2.Ng1f3 d6
3.d4 exd4
4.Qd1xd4 Bf8e7
5.Nb1c3 Be7f6
6.Qd4d1 Ng8e7
7.e5 dxe5
8.Qd1xd8 Kxd8
9.Bf1c4 Bc8e6
10.Bc4xe6 fxe6
11.Bc1e3 Nb8c6
12.O-O-O Nc6d4
13.Nc3e2 Ke8
14.Nf3xd4 exd4
15.Ne2xd4 Kf7
16.Rh1e1 a5
17.Nd4xe6 Ra8c8
18.Be3c5 b6
19.Bc5xe7 Bf6xe7
20.Rd1d7 Rh8e8
21.Kb1 Kg8
22.Ne6xc7 Rc8xc7
23.Rd7xc7 Kf8
24.Rc7b7 Be7f6
25.Re1xe8 Kxe8
26.Rb7xb6 Kd7
27.Rb6a6 Bf6d8
28.Ra6a7 Bd8c7
29.Ra7xc7 Kxc7
30.a4 { abandon }1-0

[Event "Tournoi n27279"]
[Site "www.echecsemail.com"]
[Date "2026.02.05"]
[Round "1"]
[White "Hermite"]
[Black "Chessmat"]
[WhiteElo "1510"]
[BlackElo "1299"]
[Result "0-1"]
1.e4 e5
2.Ng1f3 Nb8c6
3.Bf1e2 Bf8c5
4.d3 d6
5.Nb1d2 a6
6.b3 Ng8f6
7.Bc1b2 Bc5a7
8.O-O O-O
9.c3 Bc8e6
10.d4 exd4
11.cxd4 Be6d7
12.e5 dxe5
13.dxe5 Nf6d5
14.Be2c4 Bd7e6
15.Bc4xd5 Be6xd5
16.Rf1e1 h6
17.Qd1c2 Bd5e6
18.Qc2e4 Qd8d5
19.Qe4c2 Ra8d8
20.Ra1d1 Nc6b4
21.Qc2b1 Nb4d3
22.Re1e3 Nd3xb2
23.Qb1xb2 Ba7xe3
24.fxe3 Qd5c5
25.Rd1e1 Rd8d3
26.Nd2e4 Qc5b6
27.Qb2c1 Rf8d8
28.Ne4c5 Kf8
29.Nc5xd3 Rd8xd3
30.Nf3d4 c5
31.Nd4xe6 fxe6
32.Re1f1 Ke7
33.Qc1e1 c4
34.Qe1f2 c3
35.Qf2f7 Kd8
36.Qf7f8 Kc7
37.Rf1f7 Rd3d7
38.Rf7xg7 Qb6xe3
39.Qf8f2 Qe3xf2
40.Kxf2 c2
41.Rg7g3 c1Q
{ abandon }0-1

[Event "Coupe Niveau 4"]
[Site "www.echecsemail.com"]
[Date "2026.02.05"]
[Round "1"]
[White "Carrighir"]
[Black "Senegaulois"]
[WhiteElo "2110"]
[BlackElo "1860"]
[Result "1-0"]
1.e4 c5
2.d4 cxd4
3.c3 dxc3
4.Nb1xc3 Nb8c6
5.Ng1f3 d6
6.Bf1c4 e6
7.O-O Bf8e7
8.Qd1e2 Ng8f6
9.Rf1d1 O-O
10.e5 Nf6e8
11.Bc1f4 d5
12.Ra1c1 a6
13.Nc3xd5 exd5
14.Bc4xd5 Qd8b6
15.e6 f6
16.Bf4e3 Qb6c7
17.Nf3d4 Ne8d6
18.Nd4xc6 bxc6
19.Rc1xc6 Qc7b8
20.Be3f4 Rf8d8
21.Rc6xd6 Be7xd6
22.e7 { abandon }1-0

[Event "Défi"]
[Site "www.echecsemail.com"]
[Date "2026.02.05"]
[Round "1"]
[White "Sylvia13"]
[Black "Chessmat"]
[WhiteElo "1600"]
[BlackElo "1299"]
[Result "0-1"]
1.d4 Ng8f6
2.Nb1c3 d5
3.Ng1f3 c6
4.Bc1g5 Nb8d7
5.e3 Qd8c7
6.Bf1e2 e6
7.Bg5f4 Bf8d6
8.Bf4xd6 Qc7xd6
9.O-O O-O
10.a3 Rf8e8
11.h3 e5
12.dxe5 Nd7xe5
13.Nf3d4 h6
14.f4 Ne5g6
15.Qd1c1 Nf6e4
16.Nc3xe4 dxe4
17.Rf1d1 Qd6c7
18.Be2c4 b5
19.Bc4b3 a6
20.c4 c5
21.Nd4e2 Bc8e6
22.Ne2g3 Be6xc4
23.Bb3xc4 bxc4
24.Qc1xc4 Re8d8
25.Rd1e1 Kf8
26.Ng3xe4 Qc7c6
27.b3 Rd8d5
28.Ne4c3 Rd5d2
29.Nc3e2 Ng6h4
30.e4 Ra8d8
31.b4 Rd8c8
32.Ra1c1 Qc6g6
33.Qc4xc5 Rc8xc5
{ abandon }0-1

[Event "Défi( 10J+24H/c 10J Max )"]
[Site "www.echecsemail.com"]
[Date "2026.02.05"]
[Round "1"]
[White "Lectrice"]
[Black "Artabam"]
[WhiteElo "1440"]
[BlackElo "1020"]
[Result "1-0"]
1.Ng1f3 Ng8f6
2.g3 e6
3.Bf1g2 Nb8c6
4.O-O Bf8c5
5.d4 Nc6xd4
6.Nf3xd4 e5
7.Nd4f5 d6
8.Nf5xg7 Ke7
9.Bc1e3 Bc5b4
10.c3 Bb4a5
11.Be3g5 Rh8g8
12.Bg5h6 Nf6g4
13.Bh6g5 f6
14.Ng7f5 Ke6
15.Bg2d5 Kxf5
16.Bg5d2 Rg8f8
17.e4 Kg6
18.f3 Ng4h6
19.g4 c6
20.Bd5b3 Ba5b6
21.Kh1 c5
22.h3 a5
23.a4 f5
24.Bb3c2 Qd8h4
25.Kg2 Bc8e6
26.Qd1e1 Qh4f6
27.h4 Be6c4
28.Rf1h1 fxg4
29.Bd2g5 Qf6g7
30.Bc2d1 Qg7d7
31.Qe1g3 Nh6f7
32.fxg4 Nf7xg5
33.h5 Kh6
34.Nb1d2 Qd7c6
35.Bd1c2 Bb6d8
36.b3 Bc4a6
37.c4 Ng5e6
38.Kh2 Ne6d4
39.Bc2d3 Nd4xb3
40.Nd2xb3 Bd8g5
41.Kh3 Bg5e3
42.Qg3xe3 Kg7
43.h6 Kg6
44.g5 Qc6b6
45.Ra1b1 Qb6d8
46.Qe3g3 Qd8d7
47.Qg3g4 Qd7xa4
48.Qg4e6 Kh5
49.Qe6g4 Kg6
50.Kh4 Rf8f4
51.Qg4xf4 exf4
52.e5 Kf7
53.e6 Kxe6
54.Rh1e1 Kd7
55.Kg4 Qa4c6
56.Kxf4 Ra8f8
57.Bd3f5 Kc7
58.Nb3xa5 Qc6d7
59.Kg3 Qd7xf5
60.Re1e7 Kd8
61.Rb1e1 Rf8h8
62.Re7g7 Qf5d3
63.Kh4 Qd3d4
64.Kh5 b6
65.Na5c6 Kc8
66.Nc6xd4 cxd4
67.Re1d1 Ba6xc4
68.g6 d3
69.gxh7 Rh8f8
70.Rd1d2 Rf8f5
71.Rg7g5 Rf5f7
72.Kg6 Rf7e7
73.h8Q Kd7
74.Kh5 Bc4f7
75.Kh4 Re7e4
76.Rg5g4 Re4e5
77.Rd2xd3 Re5e1
78.Qh8f6 Bf7c4
79.Rd3xd6 Kc8
80.Qf6d8 Kb7
81.Qd8xb6 Kc8
82.Rd6d8 1-0

[Event "CHATURANGA"]
[Site "www.echecsemail.com"]
[Date "2026.02.05"]
[Round "1"]
[White "Leredoutable"]
[Black "4x4"]
[WhiteElo "1750"]
[BlackElo "1450"]
[Result "1-0"]
1.e4 e5
2.Ng1f3 Ng8f6
3.Bf1c4 Nb8c6
4.Nf3g5 d6
5.Ng5xf7 Qd8e7
6.Nf7xh8 Bc8e6
7.Bc4xe6 Qe7xe6
8.O-O Qe6g8
9.Nb1c3 Qg8xh8
10.d3 Nc6d4
11.Bc1g5 Bf8e7
12.f4 h6
13.Bg5xf6 gxf6
14.Qd1h5 Kd7
15.fxe5 dxe5
16.Qh5g4 Nd4e6
17.Ra1d1 Ra8d8
18.d4 Be7f8
19.d5 Kc8
20.Qg4xe6 Kb8
21.Rf1xf6 Qh8g8
22.Qe6xg8 Bf8e7
23.Qg8xd8 Be7xd8
24.Rf6f8 Kc8
25.Rf8xd8 Kxd8
26.Kf2 Kd7
27.Kf3 b6
28.Kg4 a6
29.Rd1d3 Kd6
30.Rd3h3 Kc5
31.Rh3xh6 b5
32.Rh6c6 Kd4
33.Rc6xc7 b4
34.d6 bxc3
35.Rc7xc3 Kxe4
36.d7 Kd4
37.d8Q Ke4
38.Qd8d3 1-0

[Event "Tournoi n27426"]
[Site "www.echecsemail.com"]
[Date "2026.02.05"]
[Round "1"]
[White "Blaireau64"]
[Black "Geantvert"]
[WhiteElo "2060"]
[BlackElo "1860"]
[Result "1-0"]
1.e4 c5
2.Ng1f3 Nb8c6
3.Bf1b5 a6
4.Bb5xc6 dxc6
5.d3 g6
6.Bc1e3 b6
7.h3 Bf8g7
8.c3 Ng8f6
9.Qd1c2 O-O
10.Nb1d2 Nf6d7
11.d4 cxd4
12.cxd4 Qd8c7
13.e5 e6
14.O-O Bc8b7
15.Nd2e4 Rf8d8
16.Ne4d6 Bg7f8
17.Qc2d2 Bf8xd6
18.exd6 Qc7xd6
19.Ra1d1 Nd7f6
20.Rf1e1 Nf6d5
21.Be3h6 a5
22.Nf3e5 f6
23.Ne5d3 Kf7
24.Nd3f4 Nd5xf4
25.Bh6xf4 Qd6d5
26.Bf4c7 Rd8d7
27.Bc7xb6 c5
28.f3 Ra8a6
29.Bb6xc5 Qd5xa2
30.Qd2h6 Kg8
31.Qh6f8 1-0

[Event "Tournoi n27433"]
[Site "www.echecsemail.com"]
[Date "2026.02.05"]
[Round "1"]
[White "Tiounet"]
[Black "Aramis"]
[WhiteElo "1580"]
[BlackElo "1580"]
[Result "1-0"]
1.a3 e5
2.b4 Ng8f6
3.Bc1b2 Bf8d6
4.Ng1f3 Qd8e7
5.g3 O-O
6.Bf1g2 Nb8c6
7.O-O a6
8.c4 Qe7e8
9.c5 Bd6e7
10.Nf3xe5 Nc6xe5
11.Bb2xe5 c6
12.Be5b2 Qe8d8
13.d3 Nf6e8
14.Nb1c3 Be7f6
15.Qd1c2 d6
16.cxd6 Ne8xd6
17.Ra1b1 Ra8b8
18.Nc3e4 Nd6xe4
19.Bg2xe4 Bf6xb2
20.Qc2xb2 Qd8g5
21.Qb2d4 Bc8f5
22.h4 Qg5g4
23.e3 Bf5e6
24.Qd4c5 Rb8c8
25.Kh2 Rf8d8
26.Be4g2 Rc8c7
27.d4 Rc7d7
28.Rf1h1 Rd7d5
29.Bg2xd5 Be6xd5
30.Qc5e7 Rd8f8
31.Rh1g1 Qg4f3
32.Rb1b2 Qf3g4
33.Qe7xb7 g5
34.Qb7e7 f6
35.Qe7d6 Qg4e4
36.hxg5 fxg5
37.Qd6h6 Qe4g6
38.Qh6xg6 hxg6
39.Kh3 Bd5e6
40.Kg2 g4
41.Rb2c2 Be6d5
42.Kf1 Kg7
43.Rc2c5 Bd5e4
44.Rc5a5 Rf8f7
45.Ke1 Rf7a7
46.Ra5e5 Be4f3
47.Kd2 Kf6
48.Rg1c1 Ra7d7
49.Kd3 Rd7b7
50.e4 Rb7b6
51.Re5c5 a5
52.Rc5xc6 Rb6xc6
53.Rc1xc6 Kg7
54.b5 Bf3d1
55.b6 Bd1a4
56.Rc6c7 Kh6
57.b7 Ba4b5
58.Ke3 Bb5a6
59.b8Q Ba6f1
60.Qb8h8 Kg5
61.Rc7c5 1-0

[Event "Défi"]
[Site "www.echecsemail.com"]
[Date "2026.02.05"]
[Round "1"]
[White "Chomi64"]
[Black "Cloclo"]
[WhiteElo "1860"]
[BlackElo "1870"]
[Result "1-0"]
1.d4 Ng8f6
2.Ng1f3 c5
3.e3 Nb8c6
4.c3 e6
5.Bf1d3 d5
6.Nb1d2 a6
7.O-O cxd4
8.exd4 Bf8d6
9.Rf1e1 O-O
10.h3 b5
11.a3 Bc8b7
12.Nf3e5 Nc6e7
13.Nd2f3 Ra8c8
14.Bc1g5 Nf6d7
15.Bd3c2 Nd7xe5
16.dxe5 Bd6b8
17.Qd1d3 g6
18.Ra1d1 Qd8d7
19.Kf1 Ne7f5
20.Nf3d4 Bb8a7
21.Nd4xf5 exf5
22.Qd3d2 Qd7c6
23.Bg5f6 d4
24.Qd2h6 Qc6xg2
25.Ke2 Qg2f3
26.Kd2 dxc3
27.Kc1 { abandon }1-0

[Event "Jean 8"]
[Site "www.echecsemail.com"]
[Date "2026.02.05"]
[Round "1"]
[White "Pgo"]
[Black "Turbo"]
[WhiteElo "1760"]
[BlackElo "1390"]
[Result "1-0"]
1.e4 e5
2.b3 Nb8c6
3.Bc1b2 Bf8c5
4.Bf1b5 Ng8f6
5.d3 d6
6.Ng1f3 Bc8g4
7.h3 Bg4h5
8.O-O a6
9.Bb5xc6 bxc6
10.Nb1d2 O-O
11.g4 Nf6xg4
12.hxg4 Bh5xg4
13.Qd1e2 Qd8f6
14.Kg2 Bg4xf3
15.Qe2xf3 Qf6e7
16.c4 Bc5b4
17.Qf3e2 Qe7g5
18.Kh2 f5
19.Nd2f3 Qg5f4
20.Kg2 Rf8f6
21.Rf1g1 Rf6g6
22.Kf1 Rg6xg1
23.Nf3xg1 Ra8f8
24.f3 Bb4c5
25.Ng1h3 Qf4h6
26.Qe2g2 Rf8f6
27.Bb2c1 Qh6h5
28.Ke2 Rf6g6
29.Nh3g5 f4
30.Qg2g4 Rg6xg5
31.Qg4xh5 Rg5xh5
32.Bc1d2 Rh5h2
33.Kd1 Rh2h1
34.Bd2e1 Bc5f2
35.Ke2 Bf2e3
36.Ra1d1 Rh1h2
37.Kf1 Rh2h3
38.Kg2 Rh3h5
39.Be1f2 Rh5g5
40.Kf1 Be3xf2
41.Kxf2 h5
42.Rd1h1 g6
43.a4 d5
44.b4 Kg7
45.cxd5 cxd5
46.b5 a5
47.Rh1c1 h4
48.Rc1xc7 Kh6
49.b6 h3
50.Rc7c8 Rg5h5
51.Rc8h8 Kg5
52.Rh8xh5 Kxh5
53.b7 h2
54.Kg2 Kh4
55.Kxh2 dxe4
56.dxe4 Kg5
57.b8Q { abandon }1-0

[Event "Défi"]
[Site "www.echecsemail.com"]
[Date "2026.02.05"]
[Round "1"]
[White "Den"]
[Black "Jpjay"]
[WhiteElo "1910"]
[BlackElo "1660"]
[Result "1-0"]
1.f4 Ng8f6
2.d4 d5
3.Ng1f3 Bc8g4
4.e3 g6
5.Bf1d3 Bf8g7
6.O-O Nb8c6
7.c3 Qd8d6
8.Qd1b3 O-O-O
9.Nb1d2 Nc6a5
10.Qb3c2 Nf6e4
11.Nf3e5 Qd6e6
12.Nd2xe4 Bg7xe5
13.Ne4c5 Qe6c6
14.fxe5 h5
15.Rf1xf7 Rd8e8
16.a4 Bg4e6
17.Bd3b5 Qc6b6
18.Bb5xe8 Rh8xe8
19.Rf7f1 Be6f5
20.Rf1xf5 gxf5
21.Qc2xf5 e6
22.Qf5xh5 Qb6c6
23.e4 b6
24.exd5 exd5
25.Qh5g4 Kb8
26.Nc5d7 Kb7
27.Nd7f6 Re8d8
28.Bc1g5 Na5c4
29.Qg4e2 Nc4a5
30.Qe2c2 Kc8
31.b4 Na5c4
32.Qc2f5 Kb7
33.b5 { abandon }1-0

[Event "Coupe Niveau 4"]
[Site "www.echecsemail.com"]
[Date "2026.02.05"]
[Round "1"]
[White "Skalfa"]
[Black "Elghribi"]
[WhiteElo "1820"]
[BlackElo "1920"]
[Result "1-0"]
1.e4 d6
2.d4 Ng8f6
3.Nb1c3 g6
4.Ng1f3 Bf8g7
5.Bf1c4 O-O
6.Bc4b3 Nb8c6
7.O-O h6
8.Rf1e1 e5
9.dxe5 Nc6xe5
10.Bc1f4 Bc8g4
11.h3 Ne5xf3
12.gxf3 Bg4xh3
13.Kh2 Bh3d7
14.Qd1d2 Kh7
15.Re1h1 Nf6h5
16.Kg2 Nh5xf4
17.Qd2xf4 Bd7e6
18.Rh1h2 h5
19.Ra1h1 Qd8f6
20.Qf4e3 Bg7h6
21.Qe3e2 Bh6f4
22.Rh2h4 Bf4g5
23.Rh4h2 Kg7
24.Nc3d1 Rf8h8
25.c3 c6
26.Kf1 Rh8e8
27.Nd1e3 Bg5f4
28.Rh2g2 Re8h8
29.Ke1 g5
30.Ne3f1 d5
31.Nf1g3 Bf4xg3
32.fxg3 dxe4
33.fxe4 Be6g4
34.Qe2f1 Rh8e8
35.Bb3c2 Qf6e5
36.Qf1f2 b6
37.Rh1f1 f6
38.Rg2h2 Ra8d8
39.Qf2e3 Rd8d6
40.Rh2d2 Re8d8
41.Rf1f2 Bg4e6
42.b3 Rd6xd2
43.Rf2xd2 Rd8xd2
44.Kxd2 Kf7
45.a4 Kg6
46.Ke2 Be6g4
47.Kf2 h4
48.gxh4 Qe5h2
49.Ke1 Qh2xc2
50.hxg5 fxg5
51.e5 Qc2xb3
52.Qe3e4 Kh5
53.Qe4h7 1-0

[Event "Défi"]
[Site "www.echecsemail.com"]
[Date "2026.02.05"]
[Round "1"]
[White "Arno"]
[Black "Verson"]
[WhiteElo "1770"]
[BlackElo "1840"]
[Result "1-0"]
1.d4 d5
2.Bc1f4 e6
3.Ng1f3 Ng8f6
4.Nb1d2 Bf8d6
5.Nf3e5 Nb8d7
6.Nd2f3 O-O
7.e3 Nf6e4
8.Bf1d3 Nd7f6
9.O-O c5
10.c3 c4
11.Bd3c2 Nf6h5
12.Bf4g3 Nh5xg3
13.hxg3 f6
14.Ne5g4 e5
15.Ng4h2 Bc8d7
16.dxe5 fxe5
17.Bc2xe4 Bd7c6
18.Be4c2 Qd8f6
19.Nf3h4 e4
20.Qd1h5 Qf6e5
21.Qh5xe5 Bd6xe5
22.g4 Bc6d7
23.f3 Bd7c6
24.f4 Be5c7
25.Nh4f5 Rf8f7
26.Nf5d4 Bc7b6
27.g5 g6
28.Nh2g4 Kf8
29.Ng4e5 Rf7e7
30.Ne5xc6 bxc6
31.Ra1e1 Bb6xd4
32.cxd4 Re7f7
33.Bc2a4 Ra8c8
34.Re1c1 c5
35.dxc5 Rc8xc5
36.Rc1c3 Rf7c7
37.Rf1c1 Ke7
38.b3 Rc5a5
39.g4 Kd6
40.f5 gxf5
41.gxf5 Ra5c5
42.bxc4 d4
43.exd4 Rc5xf5
44.Rc3g3 Rc7e7
45.Rc1e1 Rf5f3
46.Rg3xf3 exf3
47.Re1xe7 Kxe7
48.Kf2 { abandon }1-0

[Event "Tournoi échelle division 1"]
[Site "www.echecsemail.com"]
[Date "2026.02.05"]
[Round "1"]
[White "Luc20"]
[Black "Bertelsen"]
[WhiteElo "1850"]
[BlackElo "1720"]
[Result "1-0"]
1.d4 Ng8f6
2.c4 d5
3.Nb1c3 c6
4.Ng1f3 h6
5.Bc1f4 e6
6.c5 Bf8e7
7.e3 Nb8d7
8.Bf1e2 O-O
9.O-O Kh8
10.Nf3e5 Nd7xe5
11.Bf4xe5 Nf6g8
12.b4 f6
13.Be5g3 Bc8d7
14.Be2d3 Bd7e8
15.Qd1g4 f5
16.Qg4f4 Be7g5
17.Qf4f3 Ng8f6
18.Bg3e5 Be8h5
19.Qf3g3 Nf6e4
20.Nc3xe4 dxe4
21.Bd3c4 Bg5h4
22.Qg3xg7 1-0

[Event "Tournoi n27441"]
[Site "www.echecsemail.com"]
[Date "2026.02.05"]
[Round "1"]
[White "Hermite"]
[Black "Tiounet"]
[WhiteElo "1540"]
[BlackElo "1610"]
[Result "0-1"]
1.e4 a6
2.Ng1f3 b5
3.Bf1e2 Bc8b7
4.d3 g6
5.Nf3g5 Bf8g7
6.Be2g4 Ng8f6
7.O-O O-O
8.Bg4h3 c5
9.c3 d6
10.Rf1e1 a5
11.Bc1f4 b4
12.e5 dxe5
13.Bf4xe5 Qd8d5
14.Be5f4 Nb8d7
15.cxb4 axb4
16.f3 Qd5d4
17.Bf4e3 Qd4xb2
18.Nb1d2 Nf6d5
19.Nd2c4 Qb2xa1
20.Qd1xa1 Bg7xa1
21.Re1xa1 Nd5xe3
22.Nc4xe3 Nd7e5
23.Ra1d1 Bb7a6
24.f4 Ne5xd3
25.f5 Nd3f4
26.Bh3g4 Nf4e2
27.Kh1 Ne2c3
28.Rd1d2 Ba6b7
29.Rd2d7 Ra8a7
30.Rd7xe7 Bb7xg2
{ abandon }0-1

[Event "Défi( 10J+24H/c 10J Max )"]
[Site "www.echecsemail.com"]
[Date "2026.02.05"]
[Round "1"]
[White "Tunnellavage"]
[Black "Ephixe"]
[WhiteElo "1720"]
[BlackElo "1830"]
[Result "0-1"]
1.e4 e5
2.Ng1f3 Nb8c6
3.g3 Ng8f6
4.Nb1c3 g6
5.Bf1g2 Bf8g7
6.d3 O-O
7.O-O d6
8.Bc1g5 Bc8e6
9.Nc3e2 h6
10.Bg5d2 Kh7
11.c3 a6
12.Nf3h4 d5
13.Kh1 dxe4
14.dxe4 Qd8d3
15.f3 Ra8d8
{ abandon }0-1

[Event "Tournoi n27409"]
[Site "www.echecsemail.com"]
[Date "2026.02.05"]
[Round "1"]
[White "Jlr"]
[Black "Fouvolant"]
[WhiteElo "1380"]
[BlackElo "1410"]
[Result "0-1"]
1.e4 c5
2.Nb1c3 Nb8c6
3.d3 Ng8f6
4.Bc1f4 a6
5.e5 Qd8c7
6.Qd1f3 Nc6xe5
7.O-O-O d6
8.Bf4xe5 Bc8g4
9.Nc3d5 Qc7d7
10.Nd5b6 Qd7e6
11.Qf3xb7 Ra8d8
12.Qb7c6 Nf6d7
13.Rd1e1 dxe5
14.Qc6xe6 Bg4xe6
15.Nb6xd7 Rd8xd7
16.b3 g6
17.Re1xe5 Rd7d5
18.Re5xd5 Be6xd5
19.c4 Bd5b7
20.f3 Bf8g7
21.Kd2 Bg7d4
22.Ng1e2 e5
23.Ne2g3 Kd7
24.Ng3e2 f5
25.Ne2g3 Rh8e8
26.Ng3e2 f4
27.g3 Bb7xf3
28.Rh1g1 Bd4xg1
29.Ne2xg1 Bf3b7
30.gxf4 h6
31.Bf1h3 Kd6
32.Ng1e2 Bb7f3
33.Ne2g1 Bf3h5
34.Ke3 exf4
35.Kxf4 Re8e5
36.Ng1f3 g5
37.Kg3 Re5e3
38.Bh3g4 Bh5xg4
39.Kxg4 Re3xd3
40.Nf3e1 Rd3d2
41.Ne1f3 Rd2xa2
42.h3 Ra2b2
43.h4 Rb2xb3
44.h5 Rb3c3
45.Kg3 Rc3xc4
46.Nf3d2 Rc4b4
47.Kf3 Ke5
48.Kg3 a5
49.Nd2f3 Kf5
50.Nf3d2 a4
51.Nd2f3 Rb4b3
52.Kf2 Rb3xf3
53.Kxf3 a3
{ abandon }0-1

[Event "Défi( 10J+24H/c 10J Max )"]
[Site "www.echecsemail.com"]
[Date "2026.02.05"]
[Round "1"]
[White "Necromancien"]
[Black "Florianf"]
[WhiteElo "1379"]
[BlackElo "1700"]
[Result "1/2-1/2"]
1.e4 c6
2.Ng1f3 d5
3.e5 Bc8f5
4.Nf3d4 Qd8c8
5.d3 h5
6.h3 c5
7.Nd4b5 a6
8.Nb5c3 Qc8c6
9.Bc1e3 d4
10.Be3d2 dxc3
11.Bd2xc3 Nb8d7
{ nul }1/2-1/2

[Event "Tournoi n27400"]
[Site "www.echecsemail.com"]
[Date "2026.02.05"]
[Round "1"]
[White "U27940"]
[Black "Jazzzz"]
[WhiteElo "2070"]
[BlackElo "1960"]
[Result "0-1"]
1.d4 g6
2.Ng1f3 Bf8g7
3.c3 d6
4.e4 Nb8d7
5.Bf1e2 c5
6.O-O Ng8f6
7.Qd1c2 cxd4
8.cxd4 O-O
9.Nb1c3 a6
10.Bc1g5 b5
11.h3 Bc8b7
12.Be2d3 Ra8c8
13.Qc2b3 h6
14.Bg5xf6 Nd7xf6
15.a4 Rc8b8
16.axb5 axb5
17.Qb3c2 b4
18.Nc3e2 b3
19.Qc2b1 Rb8a8
20.Ne2c3 Qd8b6
21.d5 Ra8xa1
22.Qb1xa1 Rf8a8
23.Qa1d1 Nf6d7
24.Qd1d2 Nd7c5
25.Rf1e1 Nc5xd3
26.Qd2xd3 Bb7a6
27.Qd3d2 Kh7
28.Qd2d1 Qb6b4
29.Re1e3 Ra8c8
30.Qd1a1 Rc8a8
31.Qa1a4 Qb4xa4
32.Nc3xa4 Ra8b8
33.Nf3d2 Rb8b4
34.Na4c3 Bg7d4
35.Re3f3 Kg7
36.Nc3d1 Bd4f6
37.Nd2xb3 Ba6e2
38.Rf3e3 Be2xd1
39.Nb3a5 Rb4xb2
40.Na5c6 Rb2e2
41.Re3xe2 Bd1xe2
42.f3 Be2b5
43.Kf2 e6
44.Nc6b4 Bf6c3
45.Nb4c2 exd5
46.exd5 Bb5c4
47.Nc2a3 Bc3d4
48.Kg3 Bc4xd5
49.Na3b5 g5
50.Nb5xd4 Kf6
51.Kg4 Bd5c4
52.Kg3 Ke5
53.Nd4c2 d5
54.Kf2 d4
55.Ke1 h5
56.Kf2 h4
57.g3 hxg3
58.Kxg3 d3
59.Nc2e3 Bc4b3
60.Kf2 Kf4
61.Ne3f1 Bb3d1
62.Nf1d2 Bd1e2
63.Kg2 Ke3
64.Nd2c4 Kd4
65.Nc4d2 f5
66.Kf2 Kc3
67.Ke1 Kc2
68.Nd2c4 Be2xf3
69.Nc4e3 Kc1
70.Ne3f1 Bf3g2
71.Nf1d2 Bg2xh3
{ abandon }0-1

[Event "Tournoi n27402"]
[Site "www.echecsemail.com"]
[Date "2026.02.05"]
[Round "1"]
[White "Pioupiou22"]
[Black "Verson"]
[WhiteElo "1730"]
[BlackElo "1860"]
[Result "0-1"]
1.e4 e6
2.c4 d5
3.exd5 exd5
4.Ng1f3 c6
5.Bf1e2 Ng8f6
6.O-O Bf8d6
7.d4 O-O
8.Nb1c3 Bc8g4
9.Bc1g5 Nb8d7
10.h3 Bg4h5
11.a4 h6
12.Bg5h4 b6
13.b3 Qd8c7
14.Ra1c1 Rf8e8
15.Rf1e1 Bd6f4
16.Rc1b1 Nf6e4
17.Nc3xe4 Re8xe4
18.Qd1d3 Ra8e8
19.Rb1b2 Bh5g6
20.Qd3d1 Bg6h5
21.Qd1b1 Bh5xf3
22.gxf3 Re4xd4
23.Kf1 Bf4g5
24.Bh4g3 Bg5f4
25.Kg2 Nd7f6
26.Qb1f5 Qc7e5
27.Qf5xe5 Bf4xe5
28.Bg3xe5 Re8xe5
29.Kh2 Nf6h5
30.Rb2b1 Rd4d2
31.Be2f1 Rd2xf2
32.Kg1 Re5xe1
33.Rb1xe1 Rf2b2
34.Re1e3 Kf8
35.h4 Nh5f4
36.Kh1 Nf4e6
37.Bf1e2 Ne6f4
38.Be2f1 Nf4e6
39.Bf1e2 Ne6d4
40.Be2d1 Rb2b1
41.Re3d3 Nd4xf3
42.Rd3xf3 Rb1xd1
43.Kg2 d4
44.Kf2 c5
45.Ke2 Rd1h1
46.Rf3f4 Rh1h3
47.Rf4f3 Rh3xh4
48.Kd3 Ke7
49.Rf3g3 g6
50.Rg3f3 f5
51.Rf3g3 Kf6
52.Rg3f3 g5
53.Ke2 Rh4h2
54.Kf1 f4
55.Kg1 Rh2e2
56.Rf3d3 a5
57.Kf1 Re2e3
58.Rd3xe3 fxe3
59.Ke2 Kf5
60.Kf3 g4
61.Kg3 e2
62.Kf2 d3
63.Ke1 g3
64.Kd2 g2
65.Kxd3 e1Q
66.Kc2 Ke4
67.Kb2 Kd3
68.Ka2 Kc3
69.b4 Qe1d2
70.Ka3 Qd2b2
0-1

[Event "Défi( 10J+24H/c 10J Max )"]
[Site "www.echecsemail.com"]
[Date "2026.02.05"]
[Round "1"]
[White "Chobi"]
[Black "Tunnellavage"]
[WhiteElo "1780"]
[BlackElo "1720"]
[Result "1-0"]
1.f4 d5
2.Ng1f3 Nb8c6
3.e3 Bc8f5
4.Bf1b5 f6
5.Bb5xc6 bxc6
6.O-O h6
7.b3 e6
8.Bc1b2 Bf8c5
9.Bb2d4 Bc5b6
10.Bd4b2 Ng8e7
11.Nf3d4 Bf5e4
12.Nd4xe6 { abandon }1-0